000 00727nam a2200241Ia 4500
003 OSt
005 20221006144537.0
006 a|||||r|||| 00| 0
007 ta
008 221006b |||||||| |||| 00| 0 eng d
020 _c2.00
024 _a11,934
037 _cTextual
040 _aEASL
_cEASL
_beng
041 _2eng
_aeng
082 _aV41:192.N6, K1;1
100 _aIndia, Ministry of External Affairs
_9652120
245 0 _aConcluding chapter of the report of the india officials on the boundary question
260 _aIndia
_bGovernment of India
_c1961
300 _a110p.
_ccm.
942 _hV41:192.N6, K1;1
_cTEXL
_2CC
999 _c1080020
_d1080020